Ciencia política y derechos humanos en América Latina /

Zapisane w:
Opis bibliograficzny
organizacja autorów: Instituto Interamericano de Derechos Humanos, IIDH UNESCO
Format: Texto
Wydane: San José: IIDH. UNESCO
Etykiety: Dodaj etykietę
Nie ma etykietki, Dołącz pierwszą etykiete!

MARC

LEADER 00000 a a2200000 04500
001 21276
003
040 |a CRAI/IIS  |c CRAI/IIS 
090 |a 093001  
110 |a Instituto Interamericano de Derechos Humanos  
245 |a Ciencia política y derechos humanos en América Latina /  |c Instituto Interamericano de Derechos Humanos  
260 |a San José:   |b IIDH. UNESCO  
300 |a p. irreg.  
710 |a IIDH   |a UNESCO  
999 |c 3001  |d 3001